Loading...
| Beliefs | 2 | 10.00 | 0% | 300% | 300% |
| Current Events | 1 | 20.00 | 3,600% | 600% | 0% |
| Fine Arts - Auditory | 1 | 10.00 | 0% | 0% | 600% |
| Fine Arts - Visual | 1 | 10.00 | 0% | 600% | 0% |
| History - European | 2 | 20.00 | 3,600% | 300% | 300% |
| Literature - American | 1 | 20.00 | 3,600% | 0% | 600% |
| Other Arts: Auditory | 1 | 20.00 | 3,600% | 600% | 0% |
| Other Science: Earth Science | 1 | 20.00 | 3,600% | 0% | 600% |
| Other Science: Math | 1 | 20.00 | 0% | 600% | 600% |
| Science - Biology | 1 | 30.00 | 3,600% | 600% | 600% |
| Science - Physics | 1 | 20.00 | 0% | 600% | 600% |
| Social Science | 1 | 20.00 | 0% | 600% | 600% |
| 3 | 16.67 | 2,400% | 400% | 200% |